Postgrau en projectes pedagògics i escènics : 2019-2020 2019-2020
Descripción Física:
1 tríptic ; il. col. ; 15 x 21 cm
Idioma:
Catalán
MARC
| LEADER | 00000nam a22000007a 4500 | ||
|---|---|---|---|
| 001 | 27581 | ||
| 003 | Arxiu | ||
| 005 | 20260324181157.0 | ||
| 008 | 230327b spa||||| |||| 00| 0 cat d | ||
| 017 | |a B 9662-2019 | ||
| 040 | |a agdb |b cat | ||
| 110 | 1 | |9 52662 |a Institut del Teatre (Barcelona, Catalunya) | |
| 245 | |a Postgrau en projectes pedagògics i escènics : |b 2019-2020 | ||
| 246 | |a Pedagogia escènica | ||
| 260 | |a Barcelona : |b Diputació de Barcelona. Institut del Teatre ; |c 2019 | ||
| 300 | |a 1 tríptic ; |b il. col. ; |c 15 x 21 cm | ||
| 610 | 2 | 0 | |9 53086 |a Institut del Teatre (Barcelona, Catalunya) |x Currículums |
| 650 | 0 | |2 Arxiu |9 30511 |a Teatre |x Ensenyament | |
| 942 | |2 udc |c ARXIU |n 1 | ||
| 952 | |0 0 |1 0 |2 udc |4 0 |6 FU74190 |7 1 |9 65798 |a Arxiu |b Arxiu |d 2023-03-27 |l 0 |o FU-74-190 |p 27581 |r 2023-03-27 00:00:00 |w 2023-03-27 |y ARXIU | ||
| 999 | |c 83243 |d 83243 | ||